00726pam a2200241 i 4500001000800000005001700008008004100025010001700066020002500083040001800108041000800126043001200134080001700146082002000163100000700183101000800190245004500198504005100243906004500294942001200339999001700351952011600368177554120180103032444.0770909s1978 nyu b 001 0beng  a 77013319  a0816493235 :c$12.95 aDLCcDLCdDLC aeng an-us--- a330.0924 DIG00a330.0924 DIGaB1 a50 aSOC14aThe bard of savagery :cJohn P. Diggins. aIncludes bibliographical references and index. a7bcbccorignewd1eocipf19gy-gencatlg 2ddccBK c39587d39587 00102udc40708PËKGa002b002cPËKGd2018-01-03l0o330.0924 DIGp002-2994256r2018-01-03w2018-01-03yBK